[Event "Nordhausen op 11th"]
[Site "Nordhausen"]
[Date "2011.08.05"]
[Round "3.15"]
[White "Braun, Ingram H"]
[Black "Mensch, Wolfgang"]
[Result "1-0"]
[WhiteElo "1957"]
[BlackElo "1622"]
[PlyCount "97"]
[EventDate "2011.08.04"]
[EventType "swiss"]
[EventRounds "7"]
[EventCountry "GER"]
[SourceTitle "EXT 2019"]
[Source "ChessBase"]
[SourceDate "2018.10.10"]
[SourceVersion "1"]
[SourceVersionDate "2018.10.10"]
[SourceQuality "1"]

1. e4 c5 2. c3 d5 3. exd5 Qxd5 4. d4 Nc6 5. Nf3 Nf6 6. Na3 a6 7. Be3 cxd4 8. Bc4 Qd6 9. cxd4 Bg4 10. 0-0 e6 11. h3 Bxf3 12. Qxf3 Be7 13. Rad1 0-0 14. Bd3 Nd5 15. Nc4 Qc7 16. Rc1 Qd8 17. Ne5 Nxe5 18. dxe5 Nxe3 19. Qxe3 Qa5 20. a3 Rac8 21. Rxc8 Rxc8 22. Qe4 g6 23. Qxb7 Rc7 24. Qe4 Qb6 25. b4 a5 26. Qa8+ Kg7 27. Qxa5 Qxa5 28. bxa5 Rc3 29. Rd1 Rxa3 30. a6 Bc5 31. Be2 Ra2 32. Kf1 Ra3 33. g3 g5 34. Rd7 Ra1+ 35. Kg2 Kg6 36. Bd3+ Kg7 37. f4 gxf4 38. gxf4 Ra4 39. f5 exf5 40. e6 Kf6 41. exf7 Kg7 42. Rd5 Be7 43. Rxf5 Ra3 44. Bc4 Ra4 45. Rf4 Ra3 46. Rg4+ Kh6 47. Rg8 Ra4 48. f8Q+ Bxf8 49. Rxf8 1-0

[Event "Nordhausen op 11th"]
[Site "Nordhausen"]
[Date "2011.08.04"]
[Round "1.4"]
[White "Schellmann, Frank"]
[Black "Mensch, Wolfgang"]
[Result "1/2-1/2"]
[WhiteElo "2077"]
[BlackElo "1622"]
[PlyCount "59"]
[EventDate "2011.08.04"]
[EventType "swiss"]
[EventRounds "7"]
[EventCountry "GER"]
[SourceTitle "EXT 2019"]
[Source "ChessBase"]
[SourceDate "2018.10.10"]
[SourceVersion "1"]
[SourceVersionDate "2018.10.10"]
[SourceQuality "1"]

1. e4 c5 2. Nf3 e6 3. c3 Nc6 4. d4 cxd4 5. cxd4 Nf6 6. e5 Nd5 7. Bc4 Nb6 8. Bd3 d5 9. 0-0 Bd7 10. Nc3 a6 11. a3 Rc8 12. Bf4 Nc4 13. Qe2 Ne7 14. Rac1 Ng6 15. Bg3 Be7 16. Rfd1 0-0 17. h4 f5 18. exf6 Rxf6 19. Ne5 Ncxe5 20. dxe5 Rf8 21. h5 Nf4 22. Bxf4 Rxf4 23. g3 Rf8 24. f4 Qb6+ 25. Kh2 Bc5 26. Rf1 Be3 27. Rce1 Bd4 28. Rb1 Rc7 29. f5 Bc8 30. h6 1/2-1/2